000 00933nam a22003017a 4500
001 10153
003 FISKH
005 20260428104743.0
008 260428b cb ||||| |||| 00| 0 eng d
020 _a9780462004587
040 _aFISKH
_beng
_cFISKH
_dFISKH
050 _aPZ7
082 _a823.92
100 _aSmith, Ben
_eAuthor
245 _aRunning late /
_cWritten by Ben Smith ; Illustrated by Fraser Williamson
250 _aFirst published 2008
260 _aLondon :
_bMarshall Cavendish Limited ,
_c2008
300 _a16 pages :
_bcolor illustrations ;
_c16 X 19 cm
490 _aMy Pals Are Here ! Reading Stars :
_v2e
505 _aG
520 _aA group of mouse is running late to their friends' wedding.
521 8 _a350
_bLexile estimate
521 8 _aG
_bRaz-Plus
650 _aMouse
_vWedding
700 _aWilliamson, Fraser
_eIllustrator
942 _2ddc
_cBK
_n0
999 _c10153
_d10153